| 000 | 00632nam a2200205Ii 4500 | ||
|---|---|---|---|
| 003 | JO-AjNU | ||
| 008 | 230605s9999||||xx |||||||||||||| ||und|| | ||
| 017 | _a2013/4/1042 | ||
| 040 |
_aJO-AjNU _bara _erda _cJO-AjNU |
||
| 041 | _aara | ||
| 050 | 1 | 4 | _aBP80.K4.A67 2013 |
| 100 | 3 |
_aالعقاد، عباس محمود, _eauthor _956748 |
|
| 245 | 0 | 0 | _aعبقرية خالد |
| 264 | 3 | 1 | _aعمان: وزارة الثقافة، 2013 |
| 300 | _a196ص | ||
| 336 |
_atext _btxt _2rdacontent |
||
| 337 |
_aunmediated _bn _2rdamedia |
||
| 338 |
_avolume _bnc _2rdacarrier |
||
| 650 | 4 |
_aالصحابة والتابعون- تراجم _956749 |
|
| 999 |
_aA25390 _c28958 _d28958 |
||